<?xml version="1.0" encoding="UTF-8"?>
<collection xmlns:xsi="http://www.w3.org/2001/XMLSchema-instance" xsi:schemaLocation="http://www.loc.gov/MARC21/slim http://www.loc.gov/standards/marcxml/schema/MARC21slim.xsd" xmlns="http://www.loc.gov/MARC21/slim">
 <record>
  <leader>00000cam a22000004a 4500</leader>
  <controlfield tag="001">UP-99796217611094811</controlfield>
  <controlfield tag="003">Buklod</controlfield>
  <controlfield tag="005">20140128131443.0</controlfield>
  <controlfield tag="006">aa    r     ||| u </controlfield>
  <controlfield tag="007">ta</controlfield>
  <controlfield tag="008">120206s2012    dcum    rb   a001 0|eng d</controlfield>
  <datafield tag="020" ind1=" " ind2=" ">
   <subfield code="a">9780815722847 (pbk.)</subfield>
  </datafield>
  <datafield tag="035" ind1=" " ind2=" ">
   <subfield code="a">(iLib)UPD-00212404124</subfield>
  </datafield>
  <datafield tag="040" ind1=" " ind2=" ">
   <subfield code="a">DBI</subfield>
   <subfield code="d">DECON</subfield>
  </datafield>
  <datafield tag="041" ind1="0" ind2=" ">
   <subfield code="a">eng</subfield>
  </datafield>
  <datafield tag="042" ind1=" " ind2=" ">
   <subfield code="a">DMLUC</subfield>
  </datafield>
  <datafield tag="090" ind1=" " ind2=" ">
   <subfield code="a">HT 151</subfield>
   <subfield code="b">U68 2012</subfield>
  </datafield>
  <datafield tag="245" ind1="0" ind2="0">
   <subfield code="a">Urban and regional policy and its effects</subfield>
   <subfield code="b">building resilient regions</subfield>
   <subfield code="c">Margaret Weir ...[et al.], editors.</subfield>
  </datafield>
  <datafield tag="246" ind1="3" ind2=" ">
   <subfield code="a">Building resilient regions.</subfield>
  </datafield>
  <datafield tag="264" ind1=" " ind2="1">
   <subfield code="a">Washington, D.C.</subfield>
   <subfield code="b">Brookings Institution Press</subfield>
   <subfield code="c">c2012.</subfield>
  </datafield>
  <datafield tag="300" ind1=" " ind2=" ">
   <subfield code="a">x, 341 p.</subfield>
  </datafield>
  <datafield tag="500" ind1=" " ind2=" ">
   <subfield code="a">Revised version of papers presented at the fourth in a series of annual conferences, held May 20-21, 2010 at the George Washington University in Washington, D.C.  and sponsored by the Brookings Institution, The Urban Institute, the George Washington University's Institute of Public Policy and Trachtenberg School  of Public Policy and  Public Administration, and the Building Resilient Regions Network located at the the University of California at Berkeley.</subfield>
  </datafield>
  <datafield tag="505" ind1="0" ind2=" ">
   <subfield code="a">Preface -- 1. Introduction / Margaret Weir, Nancy Pindus, Howard Wial, and Harold Wolman  - 2. In search of regional resilience / Kathryn A. Foster -- 2. Resilience in the face of foreclosures : how national actors shape local responses / Todd Swanstrom -- 4. Struggling over strangers or receiving with resilience? The metropolitics of immigrant integration / Manuel Pastor and John Mollenkopf -- 5. Bringing equity to transit-oriented development : stations, systems and regional resilience / Rolf Pendall, Juliet Gainsborough, Kate Lowe, and Mai Nguyen -- 6. Economic shocks and regional economic resilience / Edward Hill, Travis St. Clair, Howard Wial, Harold Wolman, Patricia Atkins, Pamela Blumenthal, Sarah Ficenec, and Alec Friedhoff  -- 7. Building a resilient social safety net / Sarah Reckhow and Margaret Weir.</subfield>
  </datafield>
  <datafield tag="650" ind1=" " ind2="0">
   <subfield code="a">Urban policy</subfield>
   <subfield code="z">United States</subfield>
   <subfield code="v">Congresses.</subfield>
  </datafield>
  <datafield tag="650" ind1=" " ind2="0">
   <subfield code="a">Regional planning</subfield>
   <subfield code="z">United States</subfield>
   <subfield code="v">Congresses.</subfield>
  </datafield>
  <datafield tag="650" ind1=" " ind2="0">
   <subfield code="a">Urban economics</subfield>
   <subfield code="v">Congresses.</subfield>
  </datafield>
  <datafield tag="650" ind1=" " ind2="0">
   <subfield code="a">City planning</subfield>
   <subfield code="z">United States</subfield>
   <subfield code="v">Congresses.</subfield>
  </datafield>
  <datafield tag="651" ind1=" " ind2="0">
   <subfield code="a">United States</subfield>
   <subfield code="x">Social policy</subfield>
   <subfield code="v">Congresses.</subfield>
  </datafield>
  <datafield tag="700" ind1="1" ind2=" ">
   <subfield code="a">Weir, Margaret</subfield>
   <subfield code="d">1952-.</subfield>
  </datafield>
  <datafield tag="710" ind1="2" ind2=" ">
   <subfield code="a">Brookings Institution.</subfield>
  </datafield>
  <datafield tag="710" ind1="2" ind2=" ">
   <subfield code="a">Urban Institute.</subfield>
  </datafield>
  <datafield tag="905" ind1=" " ind2=" ">
   <subfield code="a">FO</subfield>
  </datafield>
  <datafield tag="950" ind1=" " ind2=" ">
   <subfield code="a">Meeting document</subfield>
  </datafield>
  <datafield tag="852" ind1="0" ind2=" ">
   <subfield code="a">UPD</subfield>
   <subfield code="b">DECON</subfield>
   <subfield code="h">HT 151</subfield>
   <subfield code="i">U68 2012</subfield>
  </datafield>
  <datafield tag="942" ind1=" " ind2=" ">
   <subfield code="a">Book</subfield>
  </datafield>
 </record>
</collection>
